Listening Plus / (Rekord nr 49004)
| 000 -ETYKIETA REKORDU | |
|---|---|
| podpole kontrolne o stałej długości | 00808nam a2200265 i 4500 |
| 001 - NUMER KONTROLNY REKORDU | |
| pole kontrolne | bgj |
| 020 ## - MIĘDZYNARODOWY ZNORMALIZOWANY NUMER KSIĄŻKI - ISBN | |
| ISBN | 0713184485 |
| 040 ## - ŹRÓDŁO KATALOGOWANIA | |
| Instytucja, która utworzyła rekord | BPK |
| 041 0# - KOD JĘZYKA | |
| Kod języka tekstu | eng |
| 920 ## - Międzynarodowy znormalizowany numer książki – ISBN | |
| ISBN | 0-7131-8448-5 |
| 008 - POLE O STAŁEJ DŁUGOŚCI - DANE KONTROLNE | |
| podpole kontrolne o stałej długości | s uk f |000 0 eng |
| 100 1# - NAZWA OSOBOWA | |
| Nazwa osobowa | MCDOWELL, John |
| 245 10 - TYTUŁ/ODPOWIEDZIALNOŚĆ | |
| Tytuł | Listening Plus / |
| Pozostałe elementy strefy tytułu i oznaczenia odpowiedzialności | John McDowell, Christopher Hart. |
| 260 ## - STREFA ADRESU WYDAWNICZEGO | |
| Miejsce wydania | London : |
| Nazwa wydawcy/dystrybutora | Edward Arnold, |
| Data publikacji, dystrybucji/powstania dokumentu | 1988. |
| 300 ## - STREFA OPISU FIZYCZNEGO | |
| Objętość | 63 pp : |
| Inne cechy fizyczne | ill. ; |
| Rozmiary | 25 cm. |
| 490 1# - STREFA SERII I DOKUMENTU WIELOCZĘŚCIOWEGO - FORMA NIE DO WYSZUKIWANIA | |
| Tytuł i oznaczenie odpowiedzialności serii | Cambridge Skills for Fluency / Adrian Doff, editor |
| 650 #9 - HASŁO PRZEDMIOTOWE W FORMIE NAZWY OGÓLNEJ LUB JEDNOSTKOWEJ | |
| Nazwa ogólna lub geograficzna | English language |
| Określnik ogólny | Listening |
| 650 #9 - HASŁO PRZEDMIOTOWE W FORMIE NAZWY OGÓLNEJ LUB JEDNOSTKOWEJ | |
| Nazwa ogólna lub geograficzna | English language |
| Określnik ogólny | Spoken English |
| 650 #9 - HASŁO PRZEDMIOTOWE W FORMIE NAZWY OGÓLNEJ LUB JEDNOSTKOWEJ | |
| Nazwa ogólna lub geograficzna | Listening |
| 655 ## - TERMIN INDEKSOWY - OKREŚLENIE RODZAJU/FORMY DOKUMENTU | |
| Określenie rodzaju/formy dokumentu | Textbooks for foreigners |
| 655 ## - TERMIN INDEKSOWY - OKREŚLENIE RODZAJU/FORMY DOKUMENTU | |
| Określenie rodzaju/formy dokumentu | Problems, exercises, etc. |
| 700 1# - HASŁO DODATKOWE - NAZWA OSOBOWA | |
| Nazwa osobowa | HART, Christopher. |
| Określenie związku między hasłem a opisywanym materiałem | co-author |
| 830 #0 - HASŁO DODATKOWE SERII LUB DOKUMENTU WIELOCZĘŚCIOWEGO - TYTUŁ UJEDNOLICONY | |
| Tytuł ujednolicony | Cambridge Skills for Fluency (Adrian Doff, editor) |
| 856 ## - LOKALIZACJA I DOSTĘP DO ELEKTRONICZNYCH DOKUMENTÓW ZDALNYCH | |
| Link (URL) | http://koha.tu.koszalin.pl/cgi-bin/koha/opac-detail.pl?biblionumber=49004 |
| Tekst linku | Katalog online BPK |
| 942 ## - DODATKOWE ELEMENTY (KOHA) | |
| Typ dokumentu | Książka |
| Wycofany | Status egzemplarza | Uszkodzony | Dostępność | Lokalizacja stała | Lokalizacja bieżąca | Miejsce przechowywania | Sygnatura | Kod kreskowy | Typ dokumentu |
|---|---|---|---|---|---|---|---|---|---|
| Dostępny | Biblioteka Politechniki Koszalińskiej | Biblioteka Politechniki Koszalińskiej | Wypożyczalnia Językowa | KA 6386 | 09047181 | Książka |
